No Title (Record no. 4783)

MARC details
000 -LEADER
fixed length control field 00259nam a2200121Ia 4500
008 - FIXED-LENGTH DATA ELEMENTS--GENERAL INFORMATION
fixed length control field 211109s9999||||xx |||||||||||||| ||und||
082 ## - DEWEY DECIMAL CLASSIFICATION NUMBER
Classification number 0
100 ## - MAIN ENTRY--PERSONAL NAME
Personal name No Author,
245 #0 - TITLE STATEMENT
Title No Title
260 ## - PUBLICATION, DISTRIBUTION, ETC.
Place of publication, distribution, etc. No Place
Date of publication, distribution, etc. 2015
630 ## - SUBJECT ADDED ENTRY--UNIFORM TITLE
General subdivision General Stack
942 ## - ADDED ENTRY ELEMENTS (KOHA)
Koha item type BOOK
Holdings
Withdrawn status Lost status Damaged status Not for loan Home library Current library Date acquired Cost, normal purchase price Total Checkouts Full call number Barcode Shelving location Date last seen Price effective from Koha item type
        SB LIBRARY SB LIBRARY 09/11/2021 100.00   0 00005236 GENERAL STACK 09/11/2021 09/11/2021 BOOK

Powered by Koha